El zen entre cristianos: meditación oriental y espiritualidad cristiana

Đã lưu trong:
Chi tiết về thư mục
Tác giả chính: Enómiya-Lassalle, Hugo M (Tác giả)
Định dạng: Sách
Ngôn ngữ:Tiếng Tây Ban Nha
Được phát hành: Barcelona Herder 1980
Phiên bản:2a. ed
Những chủ đề:
Các nhãn: Thêm thẻ
Không có thẻ, Là người đầu tiên thẻ bản ghi này!

MARC

LEADER 00000nam a2200000 a 4500
001 UCX3062
003 CL-VaPUC
008 910923e19800000SP |||||||||||||||||spa|d
082 0 4 |a 294.3927  |b ENO  |2 21 
100 0 |a Enómiya-Lassalle, Hugo M  |e author  |9 319172 
245 1 3 |a El zen entre cristianos: meditación oriental y espiritualidad cristiana 
250 |a 2a. ed 
300 |a 79 p 
942 |c BK 
945 |d 19910923 00:00:00 
260 |a Barcelona  |b Herder  |c 1980 
650 7 |a MEDITACION  |2 CL-VaPUC  |9 313094 
650 0 |a Budismo zen  |9 319173 
650 0 |a Espiritualidad   |9 267331 
583 |a last modification  |c 19910923 00:00:00  |k Rodrigo Vera 
999 |c 223928  |d 223926 
952 |0 0  |1 0  |4 0  |6 294_392700000000000_ENO_1980  |7 0  |8 A  |9 220189  |a BIBTEO  |b BIBTEO  |d 2019-11-15  |i 2888882  |o 294.3927 ENO 1980  |p 2888882  |r 2025-01-17  |w 2019-11-15  |y BK  |k ICR